MARC details
| 000 -LEADER |
| fixed length control field |
01189nam a22002777a 4500 |
| 003 - CONTROL NUMBER IDENTIFIER |
| control field |
OSt |
| 005 - DATE AND TIME OF LATEST TRANSACTION |
| control field |
20260224112223.0 |
| 008 - FIXED-LENGTH DATA ELEMENTS--GENERAL INFORMATION |
| fixed length control field |
250926b |||||||| |||| 00| 0 eng d |
| 040 ## - CATALOGING SOURCE |
| Transcribing agency |
0 |
| 082 ## - DEWEY DECIMAL CLASSIFICATION NUMBER |
| Classification number |
DPer 370.15 J826 October-November 2019 v. 111 n. 7-8 |
| 100 ## - MAIN ENTRY--PERSONAL NAME |
| Personal name |
Harber, Kent D. |
| Relator term |
author. |
| 9 (RLIN) |
68160 |
| 245 ## - TITLE STATEMENT |
| Title |
The conflicted language of interracial feedback / |
| Statement of responsibility, etc. |
Kent D. Harber, Stephanie Reeves, Jamie L. Gorman, Christian H. Williams, Jennifer Malin, and Jame W. Pnnebaker. |
| 260 ## - PUBLICATION, DISTRIBUTION, ETC. (IMPRINT) |
| Place of publication, distribution, etc. |
Washington, DC ; |
| Name of publisher, distributor, etc. |
American Psychological Association , |
| Date of publication, distribution, etc. |
October 2019. |
| 300 ## - PHYSICAL DESCRIPTION |
| Extent |
Volume 111, pages 120-1242 : |
| Other physical details |
illustration ; |
| Dimensions |
28 cm. |
| 500 ## - GENERAL NOTE |
| General note |
Journal of Educational Psychology, vol. 111, no. 7, pages 1220-1242, October 2019. |
| 650 #0 - SUBJECT ADDED ENTRY--TOPICAL TERM |
| Topical term or geographic name as entry element |
African American students. |
| 9 (RLIN) |
68161 |
| 650 #0 - SUBJECT ADDED ENTRY--TOPICAL TERM |
| Topical term or geographic name as entry element |
Racial differences. |
| 9 (RLIN) |
67064 |
| 650 #0 - SUBJECT ADDED ENTRY--TOPICAL TERM |
| Topical term or geographic name as entry element |
Peer evaluation. |
| 9 (RLIN) |
68162 |
| 700 ## - ADDED ENTRY--PERSONAL NAME |
| Personal name |
Harber, Kent D. |
| Relator term |
author. |
| 9 (RLIN) |
68160 |
| 700 ## - ADDED ENTRY--PERSONAL NAME |
| Personal name |
Reeves, Stephanie. |
| Relator term |
author. |
| 9 (RLIN) |
68163 |
| 700 ## - ADDED ENTRY--PERSONAL NAME |
| Personal name |
Gorman, Jamie L. |
| Relator term |
author. |
| 9 (RLIN) |
68164 |
| 700 ## - ADDED ENTRY--PERSONAL NAME |
| Personal name |
Williams, Christian H. |
| Relator term |
author. |
| 9 (RLIN) |
68165 |
| 700 ## - ADDED ENTRY--PERSONAL NAME |
| Personal name |
Malin, Jennifer. |
| Relator term |
author. |
| 9 (RLIN) |
68166 |
| 700 ## - ADDED ENTRY--PERSONAL NAME |
| Personal name |
Pennebaker, James W. |
| Relator term |
author. |
| 9 (RLIN) |
68167 |
| 942 ## - ADDED ENTRY ELEMENTS (KOHA) |
| Source of classification or shelving scheme |
Dewey Decimal Classification |
| Koha item type |
Periodicals |